<?xml version="1.0" encoding="UTF-8"?>
<record
    xmlns:xsi="http://www.w3.org/2001/XMLSchema-instance"
    xsi:schemaLocation="http://www.loc.gov/MARC21/slim http://www.loc.gov/standards/marcxml/schema/MARC21slim.xsd"
    xmlns="http://www.loc.gov/MARC21/slim">

  <leader>00908nam a22002177a 4500</leader>
  <datafield tag="952" ind1=" " ind2=" ">
    <subfield code="a">0001</subfield>
    <subfield code="b">0001</subfield>
    <subfield code="d">2020-11-11</subfield>
    <subfield code="l">0</subfield>
    <subfield code="o">ATA 016.923156 A12a 1981</subfield>
    <subfield code="p">019701</subfield>
    <subfield code="r">2020-11-11 00:00:00</subfield>
    <subfield code="t">c.1</subfield>
    <subfield code="w">2020-11-11</subfield>
    <subfield code="x">Emine Ba&#x15F;ak Alkan Ba&#x11F;&#x131;&#x15F;&#x131;d&#x131;r.</subfield>
    <subfield code="y">BKS</subfield>
  </datafield>
  <datafield tag="952" ind1=" " ind2=" ">
    <subfield code="a">0001</subfield>
    <subfield code="b">0001</subfield>
    <subfield code="d">2020-11-11</subfield>
    <subfield code="l">0</subfield>
    <subfield code="o">ATA 016.923156 A12a 1981</subfield>
    <subfield code="p">019702</subfield>
    <subfield code="r">2020-11-11 00:00:00</subfield>
    <subfield code="t">c.2</subfield>
    <subfield code="w">2020-11-11</subfield>
    <subfield code="x">Emine Ba&#x15F;ak Alkan Ba&#x11F;&#x131;&#x15F;&#x131;d&#x131;r.</subfield>
    <subfield code="y">BKS</subfield>
  </datafield>
  <datafield tag="999" ind1=" " ind2=" ">
    <subfield code="c">14175</subfield>
    <subfield code="d">14175</subfield>
  </datafield>
  <controlfield tag="003">MIRAKIL</controlfield>
  <controlfield tag="005">20201111161041.0</controlfield>
  <controlfield tag="008">201111b        tu ||||| |||| 00| 0 tur d</controlfield>
  <datafield tag="040" ind1=" " ind2=" ">
    <subfield code="a">TR-AnCHP</subfield>
    <subfield code="c">TR-AnCHP</subfield>
  </datafield>
  <datafield tag="041" ind1=" " ind2=" ">
    <subfield code="a">tur</subfield>
  </datafield>
  <datafield tag="082" ind1=" " ind2=" ">
    <subfield code="a">ATA 016.923156</subfield>
    <subfield code="b">A12a 1981</subfield>
  </datafield>
  <datafield tag="100" ind1=" " ind2=" ">
    <subfield code="a">Acaro&#x11F;lu, M. T&#xFC;rker</subfield>
  </datafield>
  <datafield tag="245" ind1="1" ind2="0">
    <subfield code="a">A&#xE7;&#x131;klamal&#x131; Atat&#xFC;rk kaynak&#xE7;as&#x131; / </subfield>
    <subfield code="c">M. T&#xFC;rker Acaro&#x11F;lu</subfield>
  </datafield>
  <datafield tag="260" ind1=" " ind2=" ">
    <subfield code="a">Ankara:</subfield>
    <subfield code="b">T&#xFC;rkiye &#x130;&#x15F; Bankas&#x131; K&#xFC;lt&#xFC;r Yay&#x131;nlar&#x131;,</subfield>
    <subfield code="c">1981.</subfield>
  </datafield>
  <datafield tag="300" ind1=" " ind2=" ">
    <subfield code="a">2 c.:</subfield>
    <subfield code="c">19 sm.</subfield>
  </datafield>
  <datafield tag="490" ind1="0" ind2=" ">
    <subfield code="a">T&#xFC;rkiye &#x130;&#x15F; Bankas&#x131; K&#xFC;lt&#xFC;r Yay&#x131;nlar&#x131;;</subfield>
    <subfield code="a">Atat&#xFC;rk'&#xFC;n do&#x11F;umunun 100. y&#x131;l&#x131; dizisi ;</subfield>
    <subfield code="v">Genel Yay&#x131;n: 227.</subfield>
    <subfield code="v">No: 7.</subfield>
  </datafield>
  <datafield tag="500" ind1=" " ind2=" ">
    <subfield code="a">Atat&#xFC;rk, Kurtulu&#x15F; Sava&#x15F;&#x131;, Atat&#xFC;rk Devrimleri ve T&#xFC;rkiye Cumhuriyeti &#xFC;zerine T&#xFC;rk&#xE7;e ve yabanc&#x131; dillerde yay&#x131;nlanm&#x131;&#x15F; 500 se&#xE7;me kitap &#x130;&#xE7;ermektedir.</subfield>
  </datafield>
  <datafield tag="600" ind1="1" ind2="4">
    <subfield code="9">1465</subfield>
    <subfield code="a">Atat&#xFC;rk, Gazi Mustafa Kemal</subfield>
    <subfield code="d">1881-1938</subfield>
    <subfield code="x">Kaynak&#xE7;a</subfield>
  </datafield>
  <datafield tag="942" ind1=" " ind2=" ">
    <subfield code="2">ddc</subfield>
    <subfield code="c">BKS</subfield>
  </datafield>
  <datafield tag="999" ind1=" " ind2=" ">
    <subfield code="d">14175</subfield>
  </datafield>
</record>
